[Event "Titled Tue 27th May Early"]
[Site "chess.com INT"]
[Date "2025.05.27"]
[Round "5"]
[White "Dogan, Umut Anil"]
[Black "Andrade, Ivan"]
[Result "1-0"]
[WhiteTitle "CM"]
[BlackTitle "FM"]
[WhiteElo "2123"]
[BlackElo "2161"]
[WhiteFideId "51618060"]
[BlackFideId "14800039"]
[EventDate "2025.05.27"]

1. b3 Nf6 2. Bb2 g6 3. g4 Bg7 4. g5 Nh5 5. Bxg7 Nxg7 6. Nf3 d6 7. c4 Bg4 8. Bg2
e5 9. h4 O-O 10. Nc3 Re8 11. Nh2 Bc8 12. Nd5 Nd7 13. Bh3 Nh5 14. Ng4 c6 15. Nde3
Nc5 16. d4 Nd7 17. Qd2 a5 18. dxe5 dxe5 19. Rd1 Qe7 20. Nh6+ Kg7 21. Nef5+ gxf5
22. Nxf5+ Kh8 23. Nxe7 Rxe7 24. Qd6 Re8 25. Bxd7 Bxd7 26. Qxd7 Nf4 27. e3 Ne6
28. O-O Kg8 29. Qxb7 c5 30. Rd7 Rf8 31. Rfd1 Ng7 32. Qe4 Ne6 33. Qxe5 Rae8 34.
Qf6 Ng7 35. Rd8 Nh5 36. Qb6 1-0

[Event "Titled Tue 27th May Early"]
[Site "chess.com INT"]
[Date "2025.05.27"]
[Round "5"]
[White "Angulo Perez, Sebastian"]
[Black "Pavlidou, Ekaterini"]
[Result "0-1"]
[WhiteTitle "CM"]
[BlackTitle "WIM"]
[WhiteElo "2026"]
[BlackElo "2198"]
[WhiteFideId "6544045"]
[BlackFideId "4213262"]
[EventDate "2025.05.27"]

1. e4 c5 2. Nc3 Nc6 3. f4 g6 4. Nf3 Bg7 5. a4 d6 6. Bb5 Bd7 7. O-O Nd4 8. Bxd7+
Qxd7 9. d3 e6 10. Kh1 Ne7 11. Ne2 O-O 12. c3 Nxf3 13. Rxf3 d5 14. Qe1 dxe4 15.
dxe4 Rad8 16. Be3 Qd3 17. Bxc5 Qd7 18. Qh4 Rfe8 19. Nd4 Nc6 20. Nxc6 Qxc6 21.
Bxa7 Qxe4 22. Qf2 Rd5 23. Re3 Qc4 24. Bb6 Re7 25. Ree1 Red7 26. Qf3 Rd2 27. Rad1
Qxa4 28. Rxd2 Rxd2 29. Qxb7 h5 30. Qb8+ Kh7 31. b4 Qc6 32. Rg1 Qxc3 33. Qb7 Qxb4
34. h3 Rb2 35. Qxf7 Qxb6 36. g4 Qe3 37. Qxg6+ Kxg6 38. gxh5+ Kh7 39. Rxg7+ Kxg7
40. h6+ Kxh6 41. h4 Qh3+ 42. Kg1 Qg2# 0-1

[Event "Titled Tue 27th May Early"]
[Site "chess.com INT"]
[Date "2025.05.27"]
[Round "5"]
[White "Shevkunov, Vladyslav"]
[Black "Ivashentseva, Dominika"]
[Result "1-0"]
[BlackTitle "WCM"]
[WhiteElo "2073"]
[BlackElo "1921"]
[WhiteFideId "30953448"]
[BlackFideId "34331050"]
[EventDate "2025.05.27"]

1. e4 c5 2. Nf3 d6 3. Bb5+ Nd7 4. c3 a6 5. Ba4 g6 6. O-O Bg7 7. d4 cxd4 8. cxd4
b5 9. Bb3 e6 10. Bf4 e5 11. dxe5 dxe5 12. Bxf7+ Kxf7 13. Qd5+ Ke7 14. Bg5+ Ngf6
15. Qxa8 Qc7 16. Nc3 Kf7 17. Nd5 Qd6 18. Nxf6 Nxf6 19. Bxf6 Be6 20. Qxh8 Bxh8
21. Bxh8 Bc4 22. Nxe5+ Ke6 23. Nxc4 bxc4 24. Bc3 Qd3 25. e5 g5 26. Rad1 Qc2 27.
Rd2 Qa4 28. Rd6+ Ke7 29. Rfd1 h5 30. e6 g4 31. g3 a5 32. R1d5 Qxa2 33. Rd1 Qa4
34. Rd7+ Kxe6 35. R1d6+ Kf5 36. Rf6+ Ke4 37. Rf4# 1-0

[Event "Titled Tue 27th May Early"]
[Site "chess.com INT"]
[Date "2025.05.27"]
[Round "5"]
[White "King, Alexander"]
[Black "Barwinska, Ewa"]
[Result "1-0"]
[WhiteTitle "FM"]
[BlackTitle "WFM"]
[WhiteElo "2263"]
[BlackElo "2014"]
[WhiteFideId "2063620"]
[BlackFideId "21833761"]
[EventDate "2025.05.27"]

1. Nf3 d5 2. d4 Nf6 3. c4 e6 4. g3 Be7 5. Bg2 dxc4 6. Nc3 c6 7. Ne5 O-O 8. O-O
Bd7 9. Nxc4 b5 10. Ne5 a6 11. Bg5 h6 12. Bxf6 Bxf6 13. Ne4 Be7 14. Rc1 Ra7 15.
Nc5 Be8 16. e3 Qd6 17. Qd2 f6 18. Ned3 Bf7 19. f4 Qc7 20. a3 Rd8 21. Qc3 a5 22.
Rf2 Rc8 23. Bh3 Qd6 24. Ne4 Qd5 25. Ndc5 Na6 26. Bg2 Nxc5 27. Nxf6+ Bxf6 28.
Bxd5 cxd5 29. b4 axb4 30. axb4 Rac7 31. bxc5 Rxc5 32. Qxc5 Rxc5 33. Rxc5 Be8 34.
Rb2 Kf7 35. Rcxb5 Bxb5 36. Rxb5 Kg6 37. Kg2 Kf5 38. Kf3 g5 39. e4+ Kg6 40. exd5
exd5 41. Rxd5 gxf4 42. Kxf4 1-0

[Event "Titled Tue 27th May Early"]
[Site "chess.com INT"]
[Date "2025.05.27"]
[Round "5"]
[White "Duda, Jan-Krzysztof"]
[Black "Kilic, Eray"]
[Result "1-0"]
[WhiteTitle "GM"]
[BlackTitle "IM"]
[WhiteElo "2739"]
[BlackElo "2469"]
[WhiteFideId "1170546"]
[BlackFideId "44517173"]
[EventDate "2025.05.27"]

1. e4 c5 2. Nf3 d6 3. d4 cxd4 4. Nxd4 Nf6 5. Nc3 a6 6. Rg1 h5 7. f3 Nc6 8. Be3
Bd7 9. Qd2 g6 10. O-O-O Bg7 11. Kb1 Rc8 12. a3 O-O 13. h3 b5 14. g4 Ne5 15. gxh5
Nxh5 16. f4 Nc4 17. Bxc4 Rxc4 18. f5 Kh7 19. Qg2 Qe8 20. Qg5 Rxc3 21. bxc3 Rg8
22. Rg4 Rh8 23. Rdg1 Nf6 24. fxg6+ fxg6 25. Qxg6+ Qxg6 26. Rxg6 Bf8 27. Nf5 Rg8
28. Rxg8 Nxg8 29. Bg5 e6 30. Ng3 Bg7 31. Ne2 Bc6 32. Nd4 Bd7 33. h4 a5 34. Rd1
d5 35. exd5 exd5 36. Nb3 a4 37. Nd4 Bf8 38. Kb2 Kg6 39. Rg1 Kh5 40. Rf1 Bc5 41.
Rf7 1-0

[Event "Titled Tue 27th May Early"]
[Site "chess.com INT"]
[Date "2025.05.27"]
[Round "5"]
[White "Gadzhiev, Ruslan"]
[Black "Souleidis, Georgios"]
[Result "1-0"]
[WhiteTitle "CM"]
[BlackTitle "IM"]
[WhiteElo "2169"]
[BlackElo "2418"]
[WhiteFideId "55671926"]
[BlackFideId "4206827"]
[EventDate "2025.05.27"]

1. e4 c5 2. Nf3 e6 3. d4 cxd4 4. Nxd4 Nf6 5. Nc3 Nc6 6. Ndb5 Bc5 7. Bf4 O-O 8.
Bc7 Qe7 9. Bd6 Bxd6 10. Qxd6 Qd8 11. O-O-O a6 12. Nd4 Ne7 13. Qg3 b5 14. e5 Ne8
15. Be2 Bb7 16. Bf3 Qb6 17. Kb1 Rc8 18. Ne4 Rc4 19. Nf6+ Nxf6 20. exf6 Ng6 21.
fxg7 Rfc8 22. Bxb7 Qxb7 23. Rd2 Qc7 24. Qxc7 R8xc7 25. Rhd1 Kxg7 26. b3 R4c5 27.
Kb2 f5 28. b4 Rc4 29. Nb3 Ne5 30. a3 Rg4 31. Ka2 Rxg2 32. Nc5 Kf6 33. f4 Rxd2
34. fxe5+ Kxe5 35. Rxd2 d6 36. Re2+ Kd5 37. Nxe6 Rc4 38. Ng5 f4 39. Nxh7 f3 40.
Rf2 Ke4 41. Ng5+ Kf4 42. h4 1-0

[Event "Titled Tue 27th May Early"]
[Site "chess.com INT"]
[Date "2025.05.27"]
[Round "5"]
[White "Yang, Kaiqi"]
[Black "Priasmoro, Novendra"]
[Result "0-1"]
[WhiteTitle "GM"]
[BlackTitle "GM"]
[WhiteElo "2481"]
[BlackElo "2437"]
[WhiteFideId "8604398"]
[BlackFideId "7105029"]
[EventDate "2025.05.27"]

1. e4 e5 2. Nf3 Nc6 3. Bc4 Nf6 4. d3 Be7 5. O-O O-O 6. Re1 d6 7. a4 Bg4 8. Nbd2
Nd7 9. h3 Bh5 10. g4 Bg6 11. a5 a6 12. Nf1 Nc5 13. Ng3 Ne6 14. Kg2 h6 15. Be3
Ng5 16. Ng1 Ne6 17. Qd2 Kh7 18. Nf3 Qd7 19. h4 Nf4+ 20. Bxf4 exf4 21. Qxf4 Bf6
22. h5 Bxb2 23. Rab1 Be5 24. Nxe5 dxe5 25. Qf3 Nd4 26. Qd1 Ne6 27. Bxe6 Qxe6 28.
Rxb7 Rad8 29. Rxc7 Kg8 30. hxg6 fxg6 31. c3 Qf6 32. Qe2 Qd6 33. Rb7 Qc6 34. Rb6
Qxc3 35. Rd1 Qxa5 0-1

[Event "Titled Tue 27th May Early"]
[Site "chess.com INT"]
[Date "2025.05.27"]
[Round "5"]
[White "Yilmaz, Mustafa"]
[Black "Xue, Haowen"]
[Result "0-1"]
[WhiteTitle "GM"]
[BlackTitle "GM"]
[WhiteElo "2586"]
[BlackElo "2518"]
[WhiteFideId "6302718"]
[BlackFideId "8625492"]
[EventDate "2025.05.27"]

1. d4 Nf6 2. c4 e6 3. Nf3 b6 4. g3 Bb7 5. Bg2 Be7 6. O-O O-O 7. Nc3 Ne4 8. Bd2
Bf6 9. Be1 d5 10. Qc2 Na6 11. Rd1 Qe7 12. Nxe4 dxe4 13. Ne5 c5 14. Bc3 cxd4 15.
Bxd4 Qc7 16. Nd7 Bxd4 17. Nxf8 Rd8 18. Nxh7 Kxh7 19. Bxe4+ f5 20. Bxb7 Qxb7 21.
e3 Bf6 22. Rxd8 Bxd8 23. Qd1 Qe7 24. Qh5+ Kg8 25. Rd1 Nc5 26. Rd4 Bc7 27. Rh4
Be5 28. Qh8+ Kf7 29. Qa8 Ne4 30. Rh8 g6 31. Qg8+ Kf6 32. Rh7 Qd6 33. Qf7+ Kg5
34. h4+ Kg4 35. Qxg6+ Kh3 36. Qh5 Qd2 37. Kf1 Qxf2# 0-1

[Event "Titled Tue 27th May Early"]
[Site "chess.com INT"]
[Date "2025.05.27"]
[Round "5"]
[White "Sarveshwaran V"]
[Black "Novosel, Lovro"]
[Result "1-0"]
[WhiteTitle "CM"]
[BlackTitle "FM"]
[WhiteElo "2290"]
[BlackElo "2346"]
[WhiteFideId "25699016"]
[BlackFideId "14547120"]
[EventDate "2025.05.27"]

1. e4 c5 2. d3 d6 3. Nc3 g6 4. f4 Bg7 5. Nf3 Nc6 6. g3 e6 7. Bg2 Nge7 8. O-O O-O
9. Kh1 a6 10. Ne2 b5 11. g4 d5 12. Ng3 Bb7 13. e5 Qc7 14. c3 b4 15. d4 bxc3 16.
bxc3 cxd4 17. cxd4 Rac8 18. Ba3 Rfe8 19. f5 exf5 20. gxf5 Nxf5 21. Nxf5 gxf5 22.
Nh4 Ne7 23. Rc1 Qd7 24. Bxe7 Rxe7 25. Nxf5 Rxc1 26. Nxe7+ Qxe7 27. Qxc1 a5 28.
Qc3 Ba6 29. Rb1 h5 30. Bxd5 Qh4 31. Rb8+ Kh7 32. Qc2+ Kh6 33. Rb6+ f6 34. Qd2+
Kh7 35. Rxa6 fxe5 36. Qd3+ Kh8 37. Ra8+ 1-0

[Event "Titled Tue 27th May Early"]
[Site "chess.com INT"]
[Date "2025.05.27"]
[Round "5"]
[White "Golubovic, Erik"]
[Black "Gutman, Gennadi"]
[Result "1-0"]
[WhiteTitle "CM"]
[BlackTitle "GM"]
[WhiteElo "2184"]
[BlackElo "2445"]
[WhiteFideId "14586908"]
[BlackFideId "14102277"]
[EventDate "2025.05.27"]

1. d4 c6 2. c4 d5 3. Nf3 e6 4. g3 f5 5. Bg2 Nf6 6. O-O Bd6 7. b3 O-O 8. Ba3 Bxa3
9. Nxa3 Ne4 10. Qc2 Nd7 11. Nb1 Ndf6 12. Ne5 Kh8 13. Nd2 Nxd2 14. Qxd2 Ne4 15.
Qc2 dxc4 16. Bxe4 Qxd4 17. Nxc4 Qxe4 18. Qxe4 fxe4 19. Ne5 b6 20. Rfd1 c5 21.
Rd6 Bb7 22. Rxe6 Rae8 23. Rxe8 Rxe8 24. Nc4 Bd5 25. Ne3 Be6 26. Rd1 h6 27. Ng2
Bg4 28. Kf1 Kg8 29. Ne3 Bh3+ 30. Ke1 Kf7 31. g4 h5 32. gxh5 Kf6 33. Rd5 1-0

[Event "Titled Tue 27th May Early"]
[Site "chess.com INT"]
[Date "2025.05.27"]
[Round "5"]
[White "Stamatiou, Rodolfos"]
[Black "Papasimakopoulos, Alexandros"]
[Result "0-1"]
[WhiteTitle "FM"]
[BlackTitle "IM"]
[WhiteElo "2269"]
[BlackElo "2366"]
[WhiteFideId "25826530"]
[BlackFideId "4244125"]
[EventDate "2025.05.27"]

1. e4 e6 2. d4 d5 3. Bd3 c5 4. exd5 exd5 5. Nf3 c4 6. Be2 Nf6 7. O-O Bd6 8. b3
cxb3 9. axb3 O-O 10. c4 h6 11. Nc3 Nc6 12. h3 Bf5 13. Re1 Nb4 14. Ra4 Bc2 15.
Qd2 Bxb3 16. c5 Nc2 17. Rf1 Ne4 18. Nxe4 dxe4 19. Ne1 Bxa4 20. Nxc2 Bc7 21. Ne3
Rc8 22. d5 Be5 23. Qb4 Bd7 24. Qxe4 Re8 25. Qb4 a5 26. Qa3 Bd4 27. Bd2 Bxc5 28.
Qb2 b6 29. Rd1 Qg5 30. Bf3 Bxh3 31. Ng4 Qg6 32. gxh3 h5 33. Kg2 hxg4 34. hxg4
Rcd8 35. Bf4 Re4 36. Bxe4 Qxe4+ 37. Kg3 Rxd5 38. Rh1 Qxh1 0-1

[Event "Titled Tue 27th May Early"]
[Site "chess.com INT"]
[Date "2025.05.27"]
[Round "5"]
[White "Radchenko, Alexey"]
[Black "Marichal Gonzalez, Ariel"]
[Result "0-1"]
[WhiteTitle "FM"]
[BlackTitle "IM"]
[WhiteElo "2293"]
[BlackElo "2268"]
[WhiteFideId "4192362"]
[BlackFideId "3503232"]
[EventDate "2025.05.27"]

1. d4 Nf6 2. Nf3 g6 3. c4 Bg7 4. Nc3 d5 5. Bg5 O-O 6. Bxf6 Bxf6 7. cxd5 c5 8. e3
cxd4 9. Nxd4 Qb6 10. a3 Rd8 11. Bc4 Bxd4 12. Qxd4 Qxb2 13. O-O Nc6 14. Qh4 Qxc3
15. dxc6 Qe5 16. Rad1 Rxd1 17. Rxd1 bxc6 18. Rd8+ Kg7 19. h3 g5 20. Qh5 Qa1+ 21.
Kh2 Qe5+ 22. f4 Qf6 23. Bd3 h6 24. Qf3 Bg4 25. fxg5 Qxf3 26. gxh6+ Kxh6 27. Rxa8
Qxe3 28. Bf1 Be6 29. Rh8+ Kg7 30. Rh4 Qg5 31. Rb4 c5 32. Ra4 Qe5+ 33. Kg1 Qb2
34. Rg4+ Bxg4 35. hxg4 Kf6 36. a4 Kg5 37. g3 e5 38. Bc4 e4 39. Kf1 e3 40. Be2
Qd2 41. a5 a6 42. Kg2 Qxe2+ 43. Kh3 Qf1+ 44. Kh2 Qf2+ 45. Kh3 Qf3 46. Kh2 Qxg4
47. Kh1 e2 48. Kh2 Qe4 49. Kg1 e1=Q+ 50. Kh2 Q1e2+ 51. Kh3 Qh1# 0-1

[Event "Titled Tue 27th May Early"]
[Site "chess.com INT"]
[Date "2025.05.27"]
[Round "5"]
[White "Solonkov, Dmitrij"]
[Black "Belov, Alexei"]
[Result "1-0"]
[WhiteTitle "FM"]
[BlackTitle "IM"]
[WhiteElo "2434"]
[BlackElo "2421"]
[WhiteFideId "4150139"]
[BlackFideId "4128206"]
[EventDate "2025.05.27"]

1. e4 e6 2. d4 d5 3. Nc3 Nf6 4. Bg5 dxe4 5. Nxe4 Be7 6. Nxf6+ Bxf6 7. Bxf6 Qxf6
8. Nf3 O-O 9. Bd3 c5 10. c3 cxd4 11. Nxd4 e5 12. Ne2 Nc6 13. O-O Bf5 14. Qc2
Bxd3 15. Qxd3 Rad8 16. Qe3 Qe6 17. Rfe1 Rd7 18. h3 Rfd8 19. Ng3 f5 20. Ne2 Qg6
21. Qc5 Rd2 22. b4 f4 23. b5 f3 24. Ng3 Na5 25. Qxe5 fxg2 26. Kxg2 Rc2 27. Re2
Rdd2 28. Rxd2 Rxd2 29. Re1 h6 30. Re2 Nc4 31. Qe7 Qd3 32. Rxd2 Nxd2 33. Qxb7
Qxc3 34. a4 Kh7 35. Qd5 Qc2 36. Qf5+ Qxf5 37. Nxf5 Kg6 38. Nd6 Nb3 39. Nc8 Nc5
40. a5 Nb3 41. b6 1-0

[Event "Titled Tue 27th May Early"]
[Site "chess.com INT"]
[Date "2025.05.27"]
[Round "5"]
[White "Turcsanyi, Vince Gergo"]
[Black "Jaskolka, Tomasz"]
[Result "0-1"]
[WhiteTitle "FM"]
[BlackTitle "CM"]
[WhiteElo "2321"]
[BlackElo "2200"]
[WhiteFideId "791784"]
[BlackFideId "1170791"]
[EventDate "2025.05.27"]

1. c4 e5 2. Nc3 Nf6 3. Nf3 e4 4. Ng5 c6 5. Ngxe4 Nxe4 6. Nxe4 d5 7. cxd5 cxd5 8.
Ng3 h5 9. e3 h4 10. Ne2 h3 11. g3 Nc6 12. d4 Bg4 13. Qb3 Bb4+ 14. Nc3 Bf3 15.
Rg1 Qe7 16. a3 Ba5 17. Qa4 Kf8 18. Bd2 Bb6 19. Be2 Bg2 20. O-O-O Rc8 21. Kb1 Rh6
22. f3 Qd7 23. Qb3 Ne7 24. Na4 Bxf3 25. Bxf3 Qf5+ 26. Ka2 Qxf3 27. Rdf1 Qe2 28.
Qd1 Qc4+ 29. Ka1 Rhc6 30. Nxb6 Rxb6 31. Bc3 Qb5 32. Qh5 Ng6 33. Rf5 Rxc3 34. b4
Rxa3+ 35. Kb2 Qxb4+ 0-1

[Event "Titled Tue 27th May Early"]
[Site "chess.com INT"]
[Date "2025.05.27"]
[Round "5"]
[White "Brancaleoni, Maurizio"]
[Black "Berezin, Viktor RUS"]
[Result "1-0"]
[WhiteTitle "FM"]
[BlackTitle "FM"]
[WhiteElo "2185"]
[BlackElo "1921"]
[WhiteFideId "803022"]
[BlackFideId "4128869"]
[EventDate "2025.05.27"]

1. Nf3 Nf6 2. c4 g6 3. b3 Bg7 4. Bb2 O-O 5. g3 b6 6. Bg2 Bb7 7. O-O c5 8. d4 d6
9. d5 Nbd7 10. Nc3 Ne4 11. Qc2 Nxc3 12. Bxc3 Bxc3 13. Qxc3 Nf6 14. Rad1 Bc8 15.
h3 Bf5 16. Nh4 Be4 17. f3 Bf5 18. e4 Bd7 19. e5 dxe5 20. Qxe5 Nh5 21. g4 f6 22.
Qh2 Ng7 23. f4 Qc7 24. d6 exd6 25. Bxa8 Rxa8 26. Qg2 Bc6 27. Qd2 Rd8 28. Rfe1
Qf7 29. Re3 Ne6 30. Rde1 Re8 31. f5 Nd4 32. Rxe8+ Bxe8 33. Qe3 Kf8 34. Kf2 Bc6
35. Qh6+ Kg8 36. fxg6 hxg6 37. Nxg6 Qg7 38. Ne7+ Kf7 39. Qxg7+ Kxg7 40. Nxc6
Nxc6 41. Re6 Ne5 42. Rxd6 Kf7 43. Rd5 Ke6 44. Rxe5+ Kxe5 45. Ke3 f5 46. gxf5
Kxf5 47. a3 a6 48. Kf3 b5 49. cxb5 axb5 50. Ke3 c4 51. bxc4 bxc4 52. Kd4 Kg5 53.
a4 Kh4 54. a5 Kxh3 55. a6 1-0

[Event "Titled Tue 27th May Early"]
[Site "chess.com INT"]
[Date "2025.05.27"]
[Round "5"]
[White "Bruhovich, Olexandr"]
[Black "Neagu, Roberto Florin"]
[Result "1-0"]
[WhiteTitle "CM"]
[BlackTitle "FM"]
[WhiteElo "2208"]
[BlackElo "2190"]
[WhiteFideId "14119919"]
[BlackFideId "54588898"]
[EventDate "2025.05.27"]

1. e4 a6 2. a4 e6 3. Nf3 c5 4. c3 d5 5. exd5 Qxd5 6. d4 Nc6 7. Be2 cxd4 8. cxd4
Nf6 9. O-O Be7 10. Nc3 Qd8 11. Bg5 O-O 12. Rc1 Nb4 13. Bxf6 Bxf6 14. Ne4 Nd5 15.
Nxf6+ Qxf6 16. Ne5 Rd8 17. Bf3 b6 18. Qb3 Bb7 19. Rc4 Rac8 20. Rfc1 Rxc4 21.
Rxc4 g6 22. h3 h5 23. Qc2 Qg5 24. Kh1 Kg7 25. b4 b5 26. axb5 axb5 27. Rc5 Nxb4
28. Qb3 Bxf3 29. Qxf3 Qe7 30. Rxb5 Rxd4 31. Rb7 Rd1+ 32. Kh2 Rd3 33. Rxe7 Rxf3
34. gxf3 Kf6 35. Rb7 Nd5 36. Nxf7 Kf5 37. Nh8 g5 38. Rf7+ Ke5 39. Kg3 Nc3 40.
Ng6+ Kd6 41. h4 Ne2+ 42. Kh3 Ng1+ 43. Kg2 1-0

[Event "Titled Tue 27th May Early"]
[Site "chess.com INT"]
[Date "2025.05.27"]
[Round "5"]
[White "Aung Thant Zin"]
[Black "Jiganchine, Roman"]
[Result "0-1"]
[WhiteTitle "FM"]
[BlackTitle "CM"]
[WhiteElo "2268"]
[BlackElo "2205"]
[WhiteFideId "13000063"]
[BlackFideId "2603667"]
[EventDate "2025.05.27"]

1. e4 e5 2. Nf3 Nc6 3. d4 exd4 4. Nxd4 Bc5 5. Nb3 Bb6 6. a4 a6 7. Nc3 Qf6 8. Qe2
Nge7 9. Nd5 Nxd5 10. exd5+ Ne7 11. Be3 Bxe3 12. Qxe3 O-O 13. O-O-O d6 14. Bd3
Bf5 15. Qf3 Qh6+ 16. Kb1 Bd7 17. h4 Rae8 18. g4 f5 19. g5 Qg6 20. Qf4 Nxd5 21.
Bc4 c6 22. Bxd5+ cxd5 23. h5 Qe6 24. Nd4 Qe5 25. Qd2 f4 26. b3 b5 27. a5 b4 28.
h6 g6 29. Qxb4 Rb8 30. Qd2 Qxg5 31. Rdg1 Qf6 32. Nf3 Be6 33. Ng5 Kh8 34. Rg3 Bf5 0-1

[Event "Titled Tue 27th May Early"]
[Site "chess.com INT"]
[Date "2025.05.27"]
[Round "5"]
[White "Pakleza, Zbigniew"]
[Black "Shogdzhiev, Roman"]
[Result "0-1"]
[WhiteTitle "GM"]
[BlackTitle "FM"]
[WhiteElo "2484"]
[BlackElo "2329"]
[WhiteFideId "1119290"]
[BlackFideId "55653537"]
[EventDate "2025.05.27"]

1. d4 d5 2. Nf3 Nf6 3. Bf4 Bf5 4. e3 e6 5. Nbd2 Nbd7 6. c4 Bd6 7. Bg3 O-O 8. Be2
Bxg3 9. hxg3 h6 10. Qb3 c5 11. cxd5 cxd4 12. Nxd4 Nc5 13. Qa3 Qxd5 14. O-O Bh7
15. Bf3 Nce4 16. Rac1 e5 17. Nxe4 Nxe4 18. Nb3 Qb5 19. Rfd1 Ng5 20. Bg4 f5 21.
Rc5 Qe8 22. Be2 f4 23. Bb5 Qh5 24. Rd7 f3 25. Rcc7 fxg2 26. Rxg7+ Kh8 27. Rxh7+
Nxh7 28. Kxg2 Qf3+ 29. Kh2 Qxf2+ 30. Kh3 Qf5+ 31. Kh2 Rf7 32. Qe7 Rxe7 33. Rxe7
Rf8 34. Nc5 Qf2+ 35. Kh3 Ng5+ 36. Kg4 Qf5+ 37. Kh5 Nf3+ 38. Kxh6 Qg5# 0-1

[Event "Titled Tue 27th May Early"]
[Site "chess.com INT"]
[Date "2025.05.27"]
[Round "5"]
[White "Maltsevskaya, Aleksandra"]
[Black "Smieszek, Wojciech"]
[Result "1-0"]
[WhiteTitle "IM"]
[BlackTitle "CM"]
[WhiteElo "2398"]
[BlackElo "2141"]
[WhiteFideId "24174041"]
[BlackFideId "1156047"]
[EventDate "2025.05.27"]

1. Nf3 Nf6 2. g3 c5 3. Bg2 Nc6 4. O-O g6 5. d3 Bg7 6. e4 d6 7. Nbd2 O-O 8. Nh4
Rb8 9. f4 Bg4 10. Ndf3 Nd4 11. h3 Bxf3 12. Nxf3 Nxf3+ 13. Qxf3 b5 14. f5 Nd7 15.
g4 a5 16. h4 a4 17. Rb1 b4 18. h5 Ne5 19. Qh3 Qb6 20. g5 b3 21. axb3 axb3 22. c4
Qd8 23. Bd2 f6 24. fxg6 fxg5 25. h6 g4 26. gxh7+ Kxh7 27. Qh5 Bf6 28. Bc3 Rg8
29. Ra1 Rg5 30. Qh2 Nf3+ 31. Bxf3 gxf3+ 32. Kh1 Rg2 33. Qh3 Qg8 34. Bxf6 exf6
35. Rxf3 Rg6 36. Ra7+ Kh8 37. Rg7 Rg5 38. Rxg8+ Rbxg8 39. Rxf6 Rg1+ 40. Kh2 R1g5
41. h7 R8g7 42. Rf8+ Rg8 43. hxg8=Q# 1-0

[Event "Titled Tue 27th May Early"]
[Site "chess.com INT"]
[Date "2025.05.27"]
[Round "5"]
[White "Rustemov, Alexander"]
[Black "Mica, Marek"]
[Result "1-0"]
[WhiteTitle "GM"]
[BlackTitle "FM"]
[WhiteElo "2525"]
[BlackElo "2372"]
[WhiteFideId "4119002"]
[BlackFideId "382884"]
[EventDate "2025.05.27"]

1. d4 Nf6 2. c4 e6 3. Nf3 d5 4. cxd5 exd5 5. Nc3 Bb4 6. Bf4 O-O 7. e3 Nbd7 8.
Bd3 c5 9. dxc5 Nxc5 10. Be5 Nfd7 11. Bd4 Ne6 12. Rc1 Nxd4 13. Nxd4 Nc5 14. O-O
Nxd3 15. Qxd3 Bd6 16. Nf3 Be6 17. Rfd1 Qa5 18. a3 Rfd8 19. h3 h6 20. Qb5 Qxb5
21. Nxb5 Bf8 22. Nfd4 Bd7 23. Nc7 Rac8 24. Nxd5 Ba4 25. Rxc8 Rxc8 26. Ra1 Bc6
27. Nxc6 Rxc6 28. Nc3 g6 29. Rc1 Bg7 30. Kf1 Kf8 31. Ke2 Rb6 32. b4 Ra6 33. Nb5
Bb2 34. Rc8+ Kg7 35. Rc7 Rb6 36. Nxa7 Bxa3 37. b5 Bd6 38. Rd7 Bc5 39. Kd3 Kf6
40. Kc4 1-0

[Event "Titled Tue 27th May Early"]
[Site "chess.com INT"]
[Date "2025.05.27"]
[Round "5"]
[White "Horobetz, Graham"]
[Black "Chiu, Isaac"]
[Result "0-1"]
[WhiteElo "2250"]
[BlackElo "2226"]
[WhiteFideId "2047322"]
[BlackFideId "30900654"]
[EventDate "2025.05.27"]

1. e4 e6 2. d4 d5 3. Nd2 c5 4. Ngf3 cxd4 5. Nxd4 Nf6 6. e5 Nfd7 7. N2f3 a6 8. c4
dxc4 9. Bxc4 Nxe5 10. Nxe5 Qa5+ 11. Bd2 Qxe5+ 12. Ne2 Nc6 13. O-O Be7 14. Bc3
Qc5 15. Bd3 O-O 16. Ng3 f5 17. Rc1 Qd6 18. Qe2 Bf6 19. Rfd1 Bxc3 20. bxc3 Qe5
21. Qd2 Rd8 22. Qg5 Qf6 23. Qf4 Qe5 24. Qg5 Qf6 25. Qf4 Bd7 26. Bc4 Ne5 27. Bb3
g6 28. Ne4 Qg7 29. Nc5 Kh8 30. Nxd7 Rxd7 31. Bxe6 Rxd1+ 32. Rxd1 Re8 33. Bb3 Nd3
34. Qd2 Nc5 35. h3 Qf6 36. Bc2 Kg7 37. Qd4 Qxd4 38. cxd4 Nd7 39. Bb3 b5 40. Rc1
Re7 41. a4 bxa4 42. Bxa4 Nb6 43. Rc6 Nxa4 44. Rxa6 Nc3 45. Rc6 Ne2+ 46. Kf1 Nxd4
47. Rc4 Ne6 48. g3 Kf6 49. Kg2 h5 50. h4 Rc7 51. Kf3 Rxc4 0-1

[Event "Titled Tue 27th May Early"]
[Site "chess.com INT"]
[Date "2025.05.27"]
[Round "5"]
[White "Kochiev, Ivan"]
[Black "Lissillour, Baptiste"]
[Result "0-1"]
[WhiteTitle "CM"]
[BlackTitle "FM"]
[WhiteElo "2138"]
[BlackElo "2318"]
[WhiteFideId "2917890"]
[BlackFideId "45179620"]
[EventDate "2025.05.27"]

1. e4 d6 2. Nf3 Nf6 3. Nc3 e5 4. d4 Nbd7 5. Bc4 Be7 6. O-O O-O 7. a4 h6 8. Re1
Re8 9. h3 Bf8 10. a5 c6 11. b3 exd4 12. Nxd4 d5 13. exd5 Rxe1+ 14. Qxe1 cxd5 15.
Nxd5 Nxd5 16. Bxd5 Nf6 17. c4 Nxd5 18. cxd5 Qxd5 19. Bb2 Bd7 20. Rc1 Re8 21. Qd2
Bc6 22. Nf3 Qxd2 23. Nxd2 Re2 24. Rd1 Bc5 25. Nc4 Rxf2 26. Bd4 Rxg2+ 27. Kf1
Bxd4 28. Rxd4 Rg3 29. Rd6 Rxb3 30. a6 Bb5 31. Rd4 Bxa6 32. Kg2 Bxc4 33. Rxc4 a6
34. h4 g6 35. h5 g5 36. Rc8+ Kg7 37. Rc7 b5 38. Kf2 a5 39. Kg2 a4 40. Kf2 a3 41.
Ra7 b4 42. Ke2 Rb2+ 43. Kd3 a2 44. Kc4 b3 45. Kb5 Rb1 46. Kb6 a1=Q 47. Rc7 Qd4+
48. Kb7 b2 49. Kb8 Rc1 50. Kb7 b1=Q+ 51. Ka8 Qa4+ 52. Ra7 Rc8# 0-1

[Event "Titled Tue 27th May Early"]
[Site "chess.com INT"]
[Date "2025.05.27"]
[Round "5"]
[White "Kikuchi Cadilhac, Mariana Sawae"]
[Black "Tarasov, Igor"]
[Result "0-1"]
[WhiteTitle "WFM"]
[BlackTitle "FM"]
[WhiteElo "1849"]
[BlackElo "2256"]
[WhiteFideId "2144433"]
[BlackFideId "4120256"]
[EventDate "2025.05.27"]

1. d4 d5 2. c4 e6 3. Nc3 Nf6 4. Nf3 a6 5. e3 Be7 6. b3 O-O 7. Bb2 c5 8. Be2 dxc4
9. bxc4 cxd4 10. exd4 b6 11. O-O Bb7 12. a3 Nc6 13. Na2 Rc8 14. Bc3 Qc7 15. Nb4
Na5 16. Ne5 Ne4 17. Bb2 Rfd8 18. Qc2 Bf6 19. f4 Nd6 20. Rac1 Nf5 21. Qd3 Nc6 22.
Nbxc6 Bxc6 23. Nxc6 Qxc6 24. Bf3 Qc7 25. Rfd1 Rd7 26. Qe4 Rcd8 27. d5 Bxb2 28.
Rc2 Bxa3 29. dxe6 Rxd1+ 30. Bxd1 Rxd1+ 31. Kf2 Qc5+ 32. Ke2 Rd8 33. exf7+ Kxf7
34. Qb7+ Qe7+ 35. Qxe7+ Nxe7 36. Rc3 Bc5 37. Rd3 Rxd3 38. Kxd3 Nc6 39. Ke4 Nd4
40. Kd5 a5 41. g4 a4 42. h4 a3 0-1